Úvod

Guardado en:
Detalles Bibliográficos
Autor principal: Jankelová, Nadežda, 1966-
Formato: Capítulo de libro
Lenguaje:eslovaco
Materias:
Etiquetas: Agregar Etiqueta
Sin Etiquetas, Sea el primero en etiquetar este registro!

MARC

LEADER 00000naa$a2200000$$$4500
001 0269668
005 20240502083808.3
041 0 |a slo 
044 |a CZ 
245 1 0 |a Úvod  |c Nadežda Jankelová 
610 2 0 |a manažéri 
610 2 0 |a revolúcia priemyselná 
610 2 0 |a priemysel 4.0 
610 2 0 |a riadenie 
100 1 |a Jankelová, Nadežda, 1966-